000 00466ntaaa2200193 4500
003 01
005 20251027201756.0
008 0714s1973 ag 01
040 _aAR-BaBN
_bspa
_cAR-BaBN
_eaacr
_dRIC
082 _a241.0000 P41
100 _aPereira Alves, A.
_99146
245 _aBuen derrotero del joven
250 _a1 ed.
260 _aBuenos Aires :
_bAurora,
_cc1948
300 _a164 p
650 _ajóvenes
_91664
650 _avida cristiana
942 _cBK
999 _c12439
_d12439